| 000 | 01026cam a2200289 4500 | ||
|---|---|---|---|
| 001 | M1908 | ||
| 008 | 090401t1995 xxu||||| |||| 00| 0 eng d | ||
| 035 | _a(Sirsi) u35192 | ||
| 041 | _aeng | ||
| 050 | _a368.5 | ||
| 090 | _aRICS 1995/56ABCD | ||
| 110 |
_aRoyal Institution of Chartered Surveyors _94900 |
||
| 245 | _aCompulsory professional indemnity insurance regulations. | ||
| 260 |
_aLondon _bRICS _c1995 |
||
| 300 | _a(4)p. ; 30cm. | ||
| 350 | _a0 | ||
| 490 | _aRICS Standards and Practice Guidelines | ||
| 520 | _aSUPERSEDED: Replaced by revised edition (RICS 1997/110). Summary of the Compulsory Professional Indemnity Insurance Regulations. | ||
| 650 | _aABOUT RICS-RICS MEMBERS | ||
| 650 | _aRICS PROFESSIONAL INDEMNITY INSURANCE RULES | ||
| 650 | _aCOMPULSORY PROFESSIONAL INDEMNITY INSURANCE | ||
| 650 | _aRICS PROFESSIONAL INDEMNITY COLLECTIVE POLICY | ||
| 650 | _aSTANDARDS AND PRACTICE | ||
| 690 | _aMANAGEMENT-BUSINESS MANAGEMENT-PROFESSIONAL PRACTICE | ||
| 942 | _n0 | ||
| 948 | _c04/03/1997 | ||
| 999 |
_c90065 _d90065 |
||